UEL Semi-Finalist Clubs - Statistics

General Stats
  • This quiz has been taken 24 times
  • The average score is 46 of 107
Answer Stats
Semi
Finals
Clubs Country % Correct
5 Atletico Madrid Spain
88%
8 Internazionale Italy
88%
7 Juventus Italy
88%
3 Real Madrid Spain
88%
4 Barcelona Spain
82%
4 Bayern Munich Germany
82%
4 Manchester United England
82%
5 Tottenham England
82%
4 Arsenal England
76%
3 Borussia Dortmund Germany
76%
5 Liverpool England
76%
7 Sevilla Spain
76%
4 Benfica Portugal
71%
2 Chelsea England
71%
3 Eintracht Frankfurt Germany
71%
4 Roma Italy
71%
3 Athletic Club Spain
65%
4 Bayer Leverkusen Germany
65%
4 Olympique de Marseille France
65%
2 Porto Portugal
65%
2 Schalke Germany
65%
2 Ajax Netherlands
59%
1 Atalanta Italy
59%
5 BorussiaMönchengladbach Germany
59%
1 Celtic Scotland
59%
2 Feyenoord Netherlands
59%
3 Fiorentina Italy
59%
1 Galatasaray Türkiye
59%
2 Milan Italy
59%
2 Napoli Italy
59%
1 PSV Eindhoven Netherlands
59%
2 Rangers Scotland
59%
3 Sporting CP Portugal
59%
1 Zenit Saint Petersburg Russia
59%
1 AEK Athens Greece
53%
1 Cska Moscow Russia
53%
1 Dynamo Kyiv Ukraine
53%
1 Fenerbahçe Türkiye
53%
4 Hamburg Germany
53%
2 Lazio Italy
53%
1 Lokomotive Leipzig Germany
53%
1 Olympique Lyonnais France
53%
1 Paris Saint Germain France
53%
1 RB Leipzig Germany
53%
3 Stuttgart Germany
53%
4 Valencia Spain
53%
4 Villarreal Spain
53%
4 Werder Bremen Germany
53%
2 Anderlecht Belgium
47%
1 Braga Portugal
47%
1 Crvena Zvezda Serbia
47%
1 Spartak Moscow Russia
47%
1 Basel Switzerland
41%
2 Club Brugge Belgium
41%
1 Hertha Berlin Germany
41%
1 West Ham United England
41%
2 AZ Netherlands
35%
1 Bodo/Glimt Norway
35%
1 Bologna Italy
35%
1 Brondby Denmark
35%
1 Celta Vigo Spain
35%
1 Fulham England
35%
1 Hajduk Split Croatia
35%
4 Köln Germany
35%
1 Monaco France
35%
2 Red Bull Salzburg Austria
35%
3 Shakhtar Donetsk Ukraine
35%
1 Slavia Prague Czechia
35%
1 Torino Italy
35%
1 Deportivo Alaves Spain
29%
2 Espanyol Spain
29%
1 FCSB Romania
29%
1 Ferencvaros Hungary
29%
1 Genoa Italy
29%
2 Göteborg Sweden
29%
1 Ipswich England
29%
2 Kaiserslautern Germany
29%
1 Newcastle United England
29%
1 Osasuna Spain
29%
3 Parma Italy
29%
2 Twente Netherlands
29%
1 Boavista Portugal
24%
1 Bordeaux France
24%
1 Dnipro Ukraine
24%
1 Leeds United England
24%
1 Wolverhampton England
24%
1 Auxerre France
18%
1 Bastia France
18%
1 Cagliari Italy
18%
1 Dundee United Scotland
18%
1 Dynamo Dresden Germany
18%
1 Grasshopper Switzerland
18%
1 Lens France
18%
1 Middlesbrough England
18%
1 Nottingham Forest England
18%
1 Bohemians Czechia
12%
1 Duisburg Germany
12%
1 Fehervar Hungary
12%
1 Karlsruhe Germany
6%
1 Radnicki Nis Serbia
6%
1 Tenerife Spain
6%
1 Molenbeek Belgium
0%
1 Sochaux France
0%
1 Swarovski Tirol Austria
0%
1 Universitatea Craiova Romania
0%
1 Waregem Belgium
0%
1 Zeljeznicar Bosnia and H.
0%
No matching quizzes found
Score Distribution
Percent of People with Each Score
Percentile by Number Answered
Your Score History
You have not taken this quiz